[Event "RSA-ch (Women)"]
[Site "Cape Town"]
[Date "2024.03.31"]
[Round "8"]
[White "Badenhorst, Chloe"]
[Black "Klaasen, Robyn Julian"]
[Result "0-1"]
[WhiteElo "1917"]
[BlackElo "1746"]
[PlyCount "52"]
[EventDate "2024.03.25"]
[EventType "tourn"]
[EventRounds "11"]
[EventCountry "RSA"]
[SourceTitle "CB14_2024"]
[SourceDate "2024.04.01"]
[SourceVersion "1"]
[SourceVersionDate "2024.04.01"]
[SourceQuality "1"]

1. d4 d5 2. Nf3 Nf6 3. c3 Bf5 4. Qb3 Qc8 5. c4 c6 6. cxd5 cxd5 7. Nc3 e6 8. Bf4 a6 9. Na4 Ra7 10. Nb6 Qd8 11. Bxb8 Qxb8 12. Rc1 Qf4 13. Qa4+ Kd8 14. Rc8+ Ke7 15. Ne5 Ne4 16. Qd7+ Kf6 17. Qxf7+ Kg5 18. Nf3+ Kh6 19. a3 Bb4+ 20. axb4 Rxc8 21. e3 Rc1+ 22. Ke2 Rc2+ 23. Ke1 Qd6 24. Be2 Rc1+ 25. Bd1 Qxb4+ 26. Nd2 Qxd2+ 0-1

[Event "RSA-ch (Women)"]
[Site "Cape Town"]
[Date "2024.03.31"]
[Round "9"]
[White "Klaasen, Robyn Julian"]
[Black "Strong, Davida"]
[Result "1/2-1/2"]
[WhiteElo "1746"]
[BlackElo "1672"]
[PlyCount "106"]
[EventDate "2024.03.25"]
[EventType "tourn"]
[EventRounds "11"]
[EventCountry "RSA"]
[SourceTitle "CB14_2024"]
[SourceDate "2024.04.01"]
[SourceVersion "1"]
[SourceVersionDate "2024.04.01"]
[SourceQuality "1"]

1. d4 d5 2. c4 e6 3. Nf3 c6 4. Qc2 f5 5. g3 Bd6 6. Bg2 Nf6 7. Ne5 Nbd7 8. Nd3 0-0 9. Bf4 Bxf4 10. Nxf4 Qe7 11. 0-0 Re8 12. e3 Qd6 13. Nd2 b6 14. Rfc1 Bb7 15. cxd5 cxd5 16. Qa4 a5 17. Rc2 Rac8 18. Rac1 Ne4 19. Nf3 Rxc2 20. Rxc2 Rf8 21. Qb5 Ra8 22. Ne5 Ndf6 23. h4 Ne8 24. Qd7 Qxd7 25. Nxd7 Kf7 26. Nxb6 Ra6 27. Nd7 Ke7 28. Ne5 Kd6 29. Bf1 Rb6 30. Kg2 Nc7 31. Be2 Na6 32. a3 g6 33. Nf7+ Kd7 34. f3 Nf6 35. Ng5 Kd6 36. Ngxe6 Nb8 37. Ng5 Nc6 38. Ngh3 a4 39. Nf2 Na5 40. Nd1 Bc6 41. Bd3 Nb3 42. Ne2 Kd7 43. Nc1 Nxc1 44. Rxc1 Ke6 45. Kf2 Nd7 46. Ke2 h5 47. Rb1 Bb5 48. Bxb5 Rxb5 49. Rc1 Kd6 50. Kd2 Nb6 51. Rc2 Nc4+ 52. Ke2 Rb3 53. Rc3 Rb8 1/2-1/2

[Event "RSA-ch (Women)"]
[Site "Cape Town"]
[Date "2024.03.27"]
[Round "3"]
[White "Klaasen, Robyn Julian"]
[Black "Laubscher, Anzel"]
[Result "1-0"]
[WhiteElo "1746"]
[BlackElo "1820"]
[PlyCount "65"]
[EventDate "2024.03.25"]
[EventType "tourn"]
[EventRounds "11"]
[EventCountry "RSA"]
[SourceTitle "CB14_2024"]
[SourceDate "2024.04.01"]
[SourceVersion "1"]
[SourceVersionDate "2024.04.01"]
[SourceQuality "1"]

1. Nf3 Nf6 2. b3 d5 3. e3 e6 4. Bb2 Be7 5. c4 0-0 6. Nc3 Nbd7 7. Be2 c6 8. d4 Ne4 9. 0-0 f5 10. Nd2 Bd6 11. f4 g5 12. Ndxe4 fxe4 13. f5 Nf6 14. fxe6 Bxe6 15. cxd5 cxd5 16. Nb5 Bb8 17. Ba3 Rf7 18. Qe1 a6 19. Nc3 Qc7 20. g3 b5 21. Rc1 Qd7 22. Bc5 Bd6 23. b4 Bh3 24. Rxf6 Rxf6 25. Nxd5 Re6 26. Nb6 Qb7 27. Nxa8 Qxa8 28. Bxd6 Rxd6 29. g4 Qf8 30. Qg3 Rh6 31. Rc5 Qd8 32. Qe5 Rg6 33. Qxe4 1-0